[Event "Piestany Augustus Cup"]
[Site "Piestany"]
[Date "2022.07.15"]
[Round "4"]
[White "Mikus, Peter"]
[Black "Kompan, Andrej"]
[Result "0-1"]
[WhiteElo "1636"]
[BlackElo "1372"]
[PlyCount "46"]
[EventDate "2022.07.15"]
[EventType "swiss (rapid)"]
[EventRounds "7"]
[EventCountry "SVK"]
[SourceTitle "CBM 209 Extra"]
[Source "ChessBase"]
[SourceDate "2022.09.30"]
[SourceVersion "1"]
[SourceVersionDate "2022.09.30"]
[SourceQuality "1"]

1. Nf3 b6 2. c4 Bb7 3. b3 e6 4. Bb2 Nf6 5. d4 Bb4+ 6. Nbd2 0-0 7. a3 Be7 8. g3 d5 9. Bg2 c5 10. dxc5 Bxc5 11. 0-0 dxc4 12. Nxc4 Qe7 13. b4 b5 14. Na5 Rd8 15. Qc2 Nc6 16. Qxc5 Qxc5 17. bxc5 Nxa5 18. Bxf6 gxf6 19. Rad1 Rac8 20. Rxd8+ Rxd8 21. Nd4 Bxg2 22. Kxg2 Rxd4 23. Rc1 Rc4 0-1